000 00305nam a22001337a 4500
008 180927b xxu||||| |||| 00| 0 eng d
020 _a9780198661320
041 _aeng
080 _a101
100 _a24
101 _aFIL
245 _aThe oxford companion to philosophy
_cHonderich,T
942 _2udc
_cBK
999 _c48565
_d48565